Statistiques concernant Les ponts de Paris

Cliquez ici pour prendre le quiz!

Statistiques générales

  • Ce quiz a été pris 4 615 fois
    (4 595 depuis la dernière actualisation)
  • Le résultat moyen est 11 sur 36

Statistiques - réponses

Nom du pont% Correct
Pont Neuf
88%
Pont Alexandre III
70%
Pont de l'Alma
65%
Pont des Arts
59%
Pont d'Iéna
44%
Pont de Bercy
41%
Pont d'Austerlitz
40%
Pont Marie
39%
Pont Mirabeau
38%
Pont de Bir-Hakeim
37%
Pont Saint Louis
37%
Pont de la Concorde
33%
Pont Saint-Michel
32%
Pont Charles de Gaulle
31%
Pont du Garigliano
31%
Pont Notre Dame
31%
Pont des Invalides
30%
Pont de Sully
28%
Pont au Change
25%
Pont de Grenelle
25%
Pont Tolbiac
23%
Passerelle Simone de Beauvoir
22%
Pont Royal
22%
Passerelle Léopold-Sédar-Senghor
21%
Pont du Carrousel
21%
Pont National
20%
Petit Pont
19%
Pont d'Arcole
19%
Pont Louis-Philippe
19%
Pont de la Tournelle
18%
Pont de l'Archevéché
17%
Pont Amont
16%
Pont au Double
15%
Pont Aval
15%
Passerelle Debilly
14%
Pont Rouelle
12%

Distribution des résultats

Percentile par nombre de réponses

% des personnes avec chaque résultat

Votre développement - résultats

Vous n’avez pas pris ce quiz depuis la dernière actualisation